Itävalta-visa - Statistics

Yleistilastot
  • Tätä visaa on pelattu 502 kertaa
  • Keskiarvotulos 11 / 22
Vastaustilastot
Vinkki Vastaus % Oikein
Suurimmat kaupungit Wien
99%
Virallinen kieli Saksa
94%
"Taikahuilun" säveltäjä Wolfgang Amadeus Mozart
77%
Kaupunki, jossa edellä mainittu syntyi Salzburg
72%
Pisin joki Tonava
70%
"Itävalta" tuolla kielellä Österreich
66%
3/4-tahtinen musiikki, ja siihen tanssittava tanssi. Valssi
62%
Paistettu vasikanliha, joka on nimetty pääkaupungin mukaan Wieninleike / Wiener Schnitzel
55%
Kuuluisa kehonrakentaja Arnold Schwarzenegger
53%
Kaupunki, joka on isännöinyt olympialaisia Innsbruck
53%
Kuuluisa psykoanalyytikko Sigmund Freud
47%
Suurimmat kaupungit Graz
41%
Kansallisurheilu Alppihiihto
40%
F1-mestari, joka tuli tutuksi myös elokuvasta "Rush" Niki Lauda
35%
Suurimmat kaupungit Linz
34%
Makea leivonnainen, usein täytetty omenalla Struudeli
34%
Kansalliskukka Edelweiss / Alppitähti
33%
Pisimmän aikaa hallinnut dynastia Habsburg
28%
Entinen valuutta Šillinki
21%
Itävallan keisari, 1848–1916 Frans Joosef I
18%
Franz Ferdinandin aatelisarvo Arkkiherttua
17%
Korkein vuori Grossglockner
10%
Ehtoja vastaavia visoja ei löytynyt
Tulosjakauma
Jokaisen tuloksen saaneiden osuus
Persentiili vastausten määrän mukaan
Tuloshistoriasi
Et ole pelannut tätä visaa